000
00279nam a22001337a 4500
003
SGT
082
_a
617.3
_b
C76P
100
_a
Paton, David
245
_a
Clinical Symposia
_b
Glaucomas
260
_b
C.I.B.A.
_c
1976
300
_a
47
700
_a
Craig, J. A.
942
_2
ddc
_c
RARE
999
_c
33143
_d
33143